[Event "LUX-ch AB"]
[Site "Differdingen"]
[Date "2007.04.08"]
[Round "2.13"]
[White "Schadeck, Alain"]
[Black "Klein, Jean Paul"]
[Result "1/2-1/2"]
[WhiteElo "1847"]
[BlackElo "1712"]
[PlyCount "59"]
[EventDate "2007.04.07"]
[EventType "swiss"]
[EventRounds "9"]
[EventCountry "LUX"]
[SourceTitle "EXT 2008"]
[Source "ChessBase"]
[SourceDate "2007.11.25"]
[SourceVersion "1"]
[SourceVersionDate "2007.11.25"]
[SourceQuality "1"]

1. d4 Nf6 2. Nf3 g6 3. c4 d6 4. Nc3 Bg7 5. Bg5 0-0 6. e4 c5 7. d5 Qa5 8. Bd2 Bd7 9. Be2 Qd8 10. 0-0 Na6 11. h3 Nc7 12. Bf4 a6 13. e5 dxe5 14. Bxe5 Nfe8 15. Bxg7 Kxg7 16. Ne4 b6 17. Qb3 Rb8 18. Qc3+ Kg8 19. Ne5 Nd6 20. Nxd6 exd6 21. Ng4 Bxg4 22. Bxg4 f5 23. Bf3 b5 24. b3 b4 25. Qd2 Qf6 26. Rae1 Rbe8 27. Rxe8 Rxe8 28. Re1 Re5 29. Rxe5 Qxe5 30. h4 1/2-1/2